Electronics engineers' handbook (Record no. 26972)
[ view plain ]
| 000 -LEADER | |
|---|---|
| fixed length control field | 00322nam a2200121Ia 4500 |
| 082 ## - DEWEY DECIMAL CLASSIFICATION NUMBER | |
| Classification number | 621.38(035) |
| Item number | FIN |
| 245 #0 - TITLE STATEMENT | |
| Title | Electronics engineers' handbook |
| 260 ## - PUBLICATION, DISTRIBUTION, ETC. (IMPRINT) | |
| Place of publication | New york |
| Name of publisher | McGraw Hill |
| Year of publication | 1975 |
| 700 ## - ADDED ENTRY--PERSONAL NAME | |
| Personal name | Fink, Donald G |
| 700 ## - ADDED ENTRY--PERSONAL NAME | |
| Personal name | Mckenzie, Alexander A |
| 942 ## - ADDED ENTRY ELEMENTS (KOHA) | |
| Koha item type | Books |
| Withdrawn status | Lost status | Damaged status | Not for loan | Home library | Current library | Date acquired | Cost, normal purchase price | Full call number | Accession Number | Koha item type |
|---|---|---|---|---|---|---|---|---|---|---|
| RRII Library | RRII Library | 16/12/2021 | 45.50 | 621.38(035) FIN | 07603 | Books |